Guess The Brand! #4 - Statistics

General Stats
  • This quiz has been taken 111 times
  • The average score is 29 of 50
Answer Stats
Picture Hint Answer % Correct
Restaraunt KFC
93%
Car Jeep
90%
Web & Apps Netflix
85%
Food Doritos
84%
Electronics HP
80%
Electronics Samsung
80%
Fashion Fila
79%
Play Doh
78%
Web & Apps Safari
78%
Car Jaguar
77%
TV Channel Cartoon Network
75%
Electronics Dell
75%
Drink Heineken
75%
Web & Apps Reddit
75%
TV Channel Mtv
74%
Movie Studio Paramount
74%
Postal DHL
73%
Electronics T Mobile
72%
Car Mazda
69%
Electronics Panasonic
67%
Web & Apps Adobe
64%
Electronics Wifi
64%
Web & Apps IGN
63%
Electronics SAP
62%
Electronics Kodak
59%
Organization United Nations
59%
Organization Unicef
57%
Cosmetics Kleenex
56%
Electronics Brother
54%
Electronics Verizon
54%
Apparel Roncato
52%
Web & Apps Bing
51%
Electronics Nikon
51%
Electronics Xerox
48%
Racing Nascar
47%
Electronics General Electric
44%
Drink Johnny Walker
44%
Electronics Texas Instruments
40%
Web & Apps Napster
38%
Video Games THQ
38%
Airline United Airlines
36%
Food Wrigleys
36%
Organization Unesco
35%
Web & Apps AOL
32%
Store Sears
32%
Finance Zurich
32%
Web & Apps Blogger
31%
Cosmetics Olay
30%
Fashion Bennetton
27%
Electronics TomTom
23%
No matching quizzes found
Score Distribution
Percent of People with Each Score
Percentile by Number Answered
Your Score History
You have not taken this quiz